000 01998cad a22002175a 4500
001 L148712
008 091027e20091020xxk f v 000 0 eng d
035 _a(Sirsi) u148712
041 0 _aeng
245 0 0 _aPeter Charles Boggis and Easton Bavents Conservation v Natural England and Waveney District Council
_h[electronic resource]
260 _c2009
520 _a[2009] EWCA Civ 1061, 20 October 2009. The case relates to a dispute concerning the protection from coastal erosion of an area designated as a Site of Special Scientific Interest (SSSI). Natural England (N) appealed against a High Court decision allowing a landowner to protect his house on the top of a cliff and those of his neighbours from coastal erosion. Peter Charles Boggis (B) and neighbour residents set up an organisation, Easton Bavents Conservation (E) to protect their properties. They built a sea sacrificial defence without planning permission or permission under the coastal protection legislation. In his decision, the previous judge had decided in favour of B that the choice of this area as an SSSI was unlawful. The respondents, B and E, cross-appealed. "Held:" Appeal allowed, cross-appeal dismissed. The judge ruled that the lawful course for B and residents to protect their property would be to apply for planning permission and coastal protection consent. This would allow all aspects of the situation, including their human rights and the SSSI, to be taken into account.
590 _aKA NTK
650 2 4 _aPETER CHARLES BOGGIS AND ANOTHER V NATURAL ENGLAND AND ANOTHER
650 2 4 _aWILDLIFE AND COUNTRYSIDE ACT 1981 S28
651 4 _aEngland and Wales
_y1543-
690 _aPROPERTY-RURAL AND NATURAL ASSETS-RURAL AND NATURAL ASSET MANAGEMENT-COASTAL MANAGEMENT
690 _aENVIRONMENTAL AND LAND CONSULTANCY-ENVIRONMENTAL MANAGEMENT-ENVIRONMENTAL CONSERVATION
856 4 0 _uhttps://www.bailii.org/ew/cases/EWCA/Civ/2009/1061.html
_zView the case free of charge at www.bailli.org...
942 _n0
999 _c81936
_d81936